Suroviny a světová ekonomika VPE č. 151

Salvato in:
Dettagli Bibliografici
Autore principale: Chyba, Antonín
Natura: Libro
Lingua:ceco
Pubblicazione: Praha Ekonomický ústav ČSAV 1982
Tags: Aggiungi Tag
Nessun Tag, puoi essere il primo ad aggiungerne!!

MARC

LEADER 00000nam a2200000 4500
001 c129539
005 20041019155246.6
041 0 |a cze 
044 |a CZ 
245 1 0 |a Suroviny a světová ekonomika  |b VPE č. 151  |c Antonín Chyba 
264 1 |a Praha  |b Ekonomický ústav ČSAV  |c 1982 
300 |a 231 s. 
100 1 |a Chyba, Antonín